| 000 | 00753nam a2200241 a 4500 | ||
|---|---|---|---|
| 005 | 20210219160150.0 | ||
| 008 | 080922s1984 mx r 000 0 spa d | ||
| 020 | _a9233021266. | ||
| 035 | _aUPN01000159920 | ||
| 049 | _aUNE | ||
| 080 | _a1 (07) (6) ELU No.20 | ||
| 100 | 1 | _aElungu, E. P. | |
| 245 | 1 | 0 |
_aEnseñanza de la filosofía e investigación filosófica en Africa / _cE. P. Elungu... (et al.). |
| 260 |
_aParís : _bUNESCO, _aBarcelona, _bSerbal, _c1984. |
||
| 300 | _a339 p. | ||
| 440 | 0 | _atemas africanos; 20 | |
| 500 | _aIncluye bibliografía | ||
| 690 | _aFilosofia- Investigacion cientifica- Africa | ||
| 690 | _aEscuelas filosoficas- Africa | ||
| 700 | 1 | _aGalmarini, Marco Aurelio, tr. | |
| 710 | 2 | _aUNESCO | |
| 905 | _aUNESCO | ||
| 999 |
_c132034 _d132034 |
||